Music Quiz

Random Music or Clip Quiz

Top 5000 Hits 1955-2011 (3501-3600, clips) Quiz Stats

 Plays Quiz not verified by Sporcle

Score 0/100 Timer 17:00
0 Plays Today
# Song % Correct
3544Brown Eyed Girl
95%
3504Waterloo
90.1%
3571It's Not Unusual
89.4%
3514Welcome To The Jungle
87.9%
3559Fever
87.9%
3533House of the Rising Sun
87.2%
3508On Broadway
80.1%
3562Revolution
79.4%
3550Vacation
75.2%
3556Funky Cold Medina
75.2%
3580Feel Like Makin' Love
75.2%
3513Something To Talk About
71.6%
3528Do You Believe In Love
71.6%
3515Do You Believe in Magic
70.9%
3505Come Dancing
66%
3506Bootylicious
66%
3558Golden Years
65.2%
3564Your Love
64.5%
3596Where Have All The Cowboys Gone?
64.5%
3575Sister Christian
61%
3537Tumbling Dice
60.3%
3518SOS
59.6%
3522Suddenly Last Summer
59.6%
3560Human Nature
57.4%
3511The One
56.7%
3569I Started A Joke
56.7%
3590Don't Be Cruel
56%
3585My Happy Ending
51.8%
3509Sara
51.1%
3586Who's Zoomin' Who
51.1%
3583Thunder Island
48.9%
3600Tonight, Tonight, Tonight
48.9%
3523Time Has Come Today
46.1%
3547When Smokey Sings
44%
# Song % Correct
3548Whatever Gets You Thru The Night
44%
3549Throwing It All Away
44%
3591Tusk
43.3%
3516I Wish It Would Rain Down
42.6%
3531Willie And The Hand Jive
41.8%
3568The Valley Road
41.8%
3563The Fool on the Hill
39.7%
3507Sadeness Part 1
37.6%
3588Let's Go All the Way
36.9%
3552Swayin' to the Music (Slow Dancin')
36.2%
3536Pac-Man Fever
34%
3527Second Chance
33.3%
3539Something Happened on the Way to Heaven
33.3%
3530Family Man
32.6%
3574Come Undone
32.6%
3503Adult Education
31.9%
3567Method of Modern Love
31.9%
3502Tracy
30.5%
3582Diamond Girl
30.5%
3557I'll Be Your Shelter
29.8%
3572It's Your Love
29.8%
3599Too Little, Too Late
29.1%
3573When the Children Cry
28.4%
3512Unchain My Heart
27.7%
3566Iesha
26.2%
3521Lay Your Hands on Me
25.5%
3542Do You Remember
25.5%
3570How Do I Make You
25.5%
3592Back Home Again
25.5%
3525Is This Love
24.8%
3520Tall Paul
24.1%
3545You Got What It Takes
24.1%
3529When You Love A Woman
23.4%
3535Hooked on Classics
21.3%
# Song % Correct
3561Another Sad Love Song
21.3%
3541Shine a Little Love
19.9%
3546Drip Drop
19.9%
3594Move This
19.9%
3532I'm Sprung
19.1%
3595Let's Think About Living
18.4%
3534Forever
16.3%
3578This Girl is a Woman Now
16.3%
3501The Hardest Thing
15.6%
3540Twist, Twist Senora
14.9%
3589Coming Home
14.2%
3538Fiesta - Remix
13.5%
3587Sha-La-La (Make Me Happy)
12.8%
3524Float On
12.1%
3554Walking the Dog
12.1%
3598In Those Jeans
12.1%
3565Heaven Must Have Sent You
9.2%
3526Short Fat Fannie
8.5%
3579Temptation
8.5%
3597What You Want
7.8%
3576Get On Up
7.1%
3593People Everyday
6.4%
3584Our Love
5.7%
3517What You Know
5%
3551Portrait of My Love
5%
3553Get It Poppin'
5%
3555Comforter
5%
3510More
4.3%
3581The One I Gave My Heart To
3.5%
3519Stay In My Corner
2.8%
3543Sugar Moon
2.8%
3577Close Your Eyes
2.8%

You're not logged in!

Compare scores with friends on all Sporcle quizzes.
Join for Free
OR
Log In

You Might Also Like...

Show Comments

Extras

Created Sep 5, 2016ReportNominate
Tags:Billboard Quiz, Clip Quiz, track

Top Quizzes Today


Score Distribution

Your Account Isn't Verified!

In order to create a playlist on Sporcle, you need to verify the email address you used during registration. Go to your Sporcle Settings to finish the process.

Report this User

Report this user for behavior that violates our Community Guidelines.

Details: